Posibles escenarios e impactos del AdA UE-CA /
Na minha lista:
| Autor principal: | |
|---|---|
| Autor Corporativo: | |
| Outros Autores: | |
| Formato: | Texto |
| Tags: |
Adicionar Tag
Sem tags, seja o primeiro a adicionar uma tag!
|
MARC
| LEADER | 00000 a a2200000 04500 | ||
|---|---|---|---|
| 001 | 38189 | ||
| 003 | |||
| 040 | |||
| 090 | |a 0001 I59p (6) | ||
| 100 | |a Salazar, Omar | ||
| 110 | |a Universidad de Costa Rica. Facultad de Ciencias Sociales. Instituto de Investigaciones Sociales | ||
| 245 | |a Posibles escenarios e impactos del AdA UE-CA / |c Omar Salazar | ||
| 300 | |a 48 p. | ||
| 700 | |a Céspedes, Mario | ||
| 999 | |c 8116 |d 8116 | ||
